Countries with two Ts - Statistics

General Stats
  • This quiz has been taken 187 times
    143 since last reset
  • The average score is 6 of 12
Answer Stats
Country % Correct
Trinidad and Tobago
76%
Turkmenistan
74%
Tajikistan
70%
St Kitts and Nevis
66%
United States
64%
St Vincent and the Grenadines
63%
United Arab Emirates
50%
Vatican City
44%
Timor-Leste
40%
Liechtenstein
38%
Federated States of Micronesia
31%
Democratic Republic of the Congo
26%
No matching quizzes found
Score Distribution
Percent of People with Each Score
Percentile by Number Answered
Your Score History
You have not taken this quiz since the last reset